000 01042nam a2200289Ia 4500
003 OSt
005 20220930092651.0
006 a|||||r|||| 00| 0
007 ta
008 220926b |||||||| |||| 00| 0 eng d
024 _a23592
037 _cTheses
040 _aCRL
_cCRL
_beng
041 _2eng
_aeng
100 _aMalik Vipra
_9549416
110 _aUniversity OF Delhi. Faculty OF Medical Sciences. Department OF Pathology
245 0 _aEvaluation of serum hepcidin as a marker of iron status and carotid atherosclerosis in patients of chronic kidney disease
260 _c2015
650 _aPATHOLOGY
_9174058
700 _a Dr. Neelam Wadhwa Gu.
700 _a Dr. O. P. Kalra Gu.
_9532798
700 _a Dr. Satendra Sharma Gu.
700 _a Dr. Shuchi Bhatt Gu.
_9540739
700 _aUniversity OF Delhi. Faculty OF Medical Sciences. Department OF Pathology
942 _cDIS
_2CC
999 _c884118
_d884118